| 000 | 00761cam a22002174a 4500 | ||
|---|---|---|---|
| 005 | 20250605164328.0 | ||
| 008 | 250528s ||||||||||||||||||||||||d | ||
| 035 | _a23144 | ||
| 020 | _a9781934667415 | ||
| 040 |
_aGR-AtMCL _bgre _dGR-AtMCL _eAACR2 |
||
| 245 | 1 | _aA Practical Guide to Risk Management | |
| 260 | _c2011 | ||
| 300 | _a222 | ||
| 520 | _aForeword, Acknowledgements, Risk Management vs. Risk Management, Risk and Uncertainty and Probability and Luck, Managing Risk, Financial Risk Events, Measuring Risk, Uses and Limitations of Quantitative Techniques, Concusion, References. | ||
| 700 | 1 |
_aColeman Thomas S _98711 |
|
| 700 | 1 |
_aLitterman Robert _98712 |
|
| 942 | _cBK | ||
| 710 | 2 |
_aCfa Institute _99816 |
|
| 999 |
_c8174 _d8174 |
||